Non destructive test and evaluation of materials Ed 2 (Record no. 241213)

MARC details
000 -LEADER
fixed length control field 01682nam a2200265 4500
005 - DATE AND TIME OF LATEST TRANSACTION
control field 20260410095744.0
008 - FIXED-LENGTH DATA ELEMENTS--GENERAL INFORMATION
fixed length control field 260410b |||||||| |||| 00| 0 eng d
020 ## - INTERNATIONAL STANDARD BOOK NUMBER
International Standard Book Number 9780070707030
040 ## - CATALOGING SOURCE
Transcribing agency AL
041 ## - LANGUAGE CODE
Language code of text/sound track or separate title eng
082 ## - DEWEY DECIMAL CLASSIFICATION NUMBER
Classification number 620.1127
Item number PRAN
100 ## - MAIN ENTRY--PERSONAL NAME
Personal name Prasad J
100 ## - MAIN ENTRY--PERSONAL NAME
9 (RLIN) 261287
245 ## - TITLE STATEMENT
Title Non destructive test and evaluation of materials Ed 2
250 ## - EDITION STATEMENT
Edition statement 2
260 ## - PUBLICATION, DISTRIBUTION, ETC.
Place of publication, distribution, etc. Chennai
Name of publisher, distributor, etc. McGraw Hill Education India Pvt Ltd
Date of publication, distribution, etc. 2018
300 ## - PHYSICAL DESCRIPTION
Extent xvi,199p
Other physical details HB
Dimensions 24.5x19cm
365 ## - TRADE PRICE
Source of price type code Electronics and Communication Engineering
Price type code VBI-2645
Price amount ₹660.00
Currency code
Unit of pricing ₹880.00
Price note 25%
Price effective from 20-02-2026
520 ## - SUMMARY, ETC.
Summary, etc. Non- Destructive Test and Evaluation of Materials offers every engineer, technical professional, teacher and student engaged in NDE activities an authoritative guide to the most commonly used and emerging methods of NDE. It helps readers to prepare for professional NDE Level I, II, and III tests.<br/>The book elaborately provides guidelines on developing specific NDE techniques and criteria for acceptance of materials for various applications as well as the NDE requirements of design, manufacturing and maintenance agencies. Containing over 200 illustrations, this essential reference discusses:<br/>1. Complete overview of NDE technology and its capabilities in providing support to designers and manufactures<br/>2. Principles and applications of different non-destructive evaluation methods<br/>3. Industrial applications of NDE<br/>4. Modern trends in various disciplines of NDE
650 ## - SUBJECT ADDED ENTRY--TOPICAL TERM
Topical term or geographic name entry element Radiography
9 (RLIN) 261288
650 ## - SUBJECT ADDED ENTRY--TOPICAL TERM
Topical term or geographic name entry element Ultrasonics
9 (RLIN) 261289
650 ## - SUBJECT ADDED ENTRY--TOPICAL TERM
Topical term or geographic name entry element Liquid Penetant Test
9 (RLIN) 261290
650 ## - SUBJECT ADDED ENTRY--TOPICAL TERM
Topical term or geographic name entry element NDE
9 (RLIN) 261291
650 ## - SUBJECT ADDED ENTRY--TOPICAL TERM
Topical term or geographic name entry element Eddy Current Test
9 (RLIN) 261292
942 ## - ADDED ENTRY ELEMENTS (KOHA)
Source of classification or shelving scheme Dewey Decimal Classification
Koha item type Book
Holdings
Withdrawn status Lost status Source of classification or shelving scheme Damaged status Not for loan Collection code Home library Current library Date acquired Source of acquisition Cost, normal purchase price Total Checkouts Full call number Barcode Date last seen Cost, replacement price Price effective from Koha item type
    Dewey Decimal Classification     Electronics and Communication Engineering St Aloysius Engineering Library St Aloysius Engineering Library 04/08/2026 Vidyarthi Books, Bengaluru-560076 660.00   620.1127 PRAN SE000473 04/10/2026 880.00 02/20/2026 Book